História volebného zákona (1990-2002)

Bibliographic Details
Main Author: Forgács, Daniel (Author)
Format: Article
Language:Slovak
Subjects:

MARC

LEADER 00000nab a2200000 a 4500
001 vtls000802708
003 SK-MaSNL
005 20260302151350.0
008 040806c2002 xo 0 slo
015 |a SNBRB2002/07-23357 
035 |a CLN000154363 
040 |a SNKBUCL  |b slo  |c SNKBUCL  |e AACR2 
041 0 |a slo 
044 |a xo  |c SK 
080 |a 342.8(437.6)  |2 1997 
100 1 |a Forgács, Daniel  |4 aut  |9 585619 
245 1 0 |a História volebného zákona (1990-2002)  |c Daniel Forgács 
650 0 7 |a voľby  |x zákony  |z Slovensko  |y 1990-2002  |2 snkbucl  |9 842799 
773 0 |t Mosty  |g Roč. 11, č. 20 (2002), s. 8 
850 |a Slovenská národná knižnica v Martine 
852 |a SNK  |b KIS3GCP 
999 |c 1359635  |d 1361565